000 01350naa a22003377a 4500
001 BR8104679
003 BR-BrBNA
005 20250716171940.0
007 ta
008 250630b bl.|||m| |||| 00| 0 por d
040 _aBR-BrBNA
_bpor
_cBiblioteca Nacional de Agricultura
041 _a(Pt)
072 _aQ10
_b1540
_b9310
_bG514
090 _aQ10 BR8104679
100 1 _aEspinal, J.L.R.
100 1 _aAlmy, S.W.
111 1 _a1. Congresso Brasileiro de Mandioca
_cCruz das Almas, BA (Brazil)
_d25 Nov 1979
245 1 _aA casa de farinha no reconcavo baiano [Mandioca; Prensagem; Moagem; Torrefacao; Brasil]
500 _aAnais do 1. Congresso Brasileiro de Mandioca, v. 2: Alimentacao humana e animal. Alcool Cruz das Almas, BA (Brasil): 1981. p. 17-26 [Summaries (En, Pt); 10 ref.] (BR8104679-AMS)
773 0 _tAnais do 1. Congresso Brasileiro de Mandioca, v. 2: Alimentacao humana e animal. Alcool
_wQ10 BR8104679
_gCruz das Almas, BA (Brasil), 1981. p. 17-26
650 _aMANDIOCA
650 _aFARINHA
650 _aPRENSAGEM
650 _aMOAGEM
650 _aTORREFACAO
650 _aINDUSTRIA ALIMENTICIA
650 _aBAHIA
490 _aDocumentos - Empresa Brasileira de Pesquisa Agropecuaria. Depto. de Informacao e Documentacao (Brazil)
_vno. 18
942 _cAMS
_2AGRIS
909 _a202506
_bLúcia
_c55
_dLúcia Elande
999 _c333784
_d333784